• 首页
  • 本馆介绍
  • 公告通知
  • 最新文献
  • 馆藏检索
  • 电子资源
  • 读者导购
  • 参考咨询
  • 我的图书馆
  • 登录
  • 详细信息显示
  • 放入我的书架
  • 预约/预借图书
  • 作者相关作品
  • 分类相关作品
  • 丛书相关作品
  • 出版社相关作品

书目信息

  • 表格格式
  • 工作单格式
  • 卡片格式
题名:
2012中国高校文学作品排行榜
    
 
作者: 冰峰 主编 ;中国高校文学作品征集评审委员会 选编
分册:   散文卷
出版信息: 桂林   漓江出版社  2013.05
页数: 344页
开本: 23cm
丛书名: 2012中国高校文学作品排行榜
单 册:
中图分类: I217.61 , I267
科图分类:
主题词: 中国文学--当代文学--作品集 , 散文集--中国--当代 , 中国文学 , 当代文学 , 散文集
电子资源:
ISBN: 978-7-5407-6528-6
000 01206oam2 2200337 450
001 012013128356
005 20130627154406.32
010    @a978-7-5407-6528-6@dCNY29.80
100    @a20130608d2013 em y0chiy0110 ea
101 0  @achi
102    @aCN@b450000
105    @ay z 000cy
106    @ar
200 1  @a2012中国高校文学作品排行榜@92012zhong guo gao xiao wen xue zuo pin pai xing bang@i散文卷@f冰峰主编@g中国高校文学作品征集评审委员会选编
210    @a桂林@c漓江出版社@d2013.05
215    @a344页@d23cm
225 2  @a2012中国高校文学作品排行榜
330    @a本书主要内容包括:沉重的肉身;骨头的温度;被辜负的学生时代;当我们在谈论奶奶,我们在谈论什么;凤桥镇系列三章;下辈子还做你儿子等。
333    @a文学爱好者
461  0 @12001 @a2012中国高校文学作品排行榜
606 0  @a中国文学@x当代文学@x作品集
606 0  @a散文集@y中国@z当代
606 0  @a中国文学
606 0  @a当代文学
606 0  @a散文集
690    @aI217.61@v5
690    @aI267@v5
701  0 @a冰峰@9bing feng@4主编
712 02 @a中国高校文学作品征集评审委员会@9zhong guo gao xiao wen xue zuo pin zheng ji ping shen wei yuan hui@4选编
801  0 @aCN@b人天书店@c20130608
905    @b546920-23@dI217.61@e661:3@f4
    
    2012中国高校文学作品排行榜.散文卷/冰峰主编/中国高校文学作品征集评审委员会选编.-桂林:漓江出版社,2013.05
    344页;23cm.-(2012中国高校文学作品排行榜)
    使用对象:文学爱好者
    
    ISBN 978-7-5407-6528-6:CNY29.80
    本书主要内容包括:沉重的肉身;骨头的温度;被辜负的学生时代;当我们在谈论奶奶,我们在谈论什么;凤桥镇系列三章;下辈子还做你儿子等。
●
相关链接 在E读中查询图书 在五车中查询图书 在当当中查询图书 在豆瓣中查询图书


正题名:2012中国高校文学作品排行榜     索取号:I217.61/661:3         预约/预借

序号 登录号 条形码 馆藏地/架位号 状态 备注
1 546920   205469205   第一样本阅览室/ [索取号:I217.61/661:3] 在馆    
2 546921   205469214   第二借阅区/ [索取号:I217.61/661:3] 在馆    
3 546922   205469223   第二借阅区/ [索取号:I217.61/661:3] 在馆    
4 546923   205469232   教育系资料室/ [索取号:I217.61/661:3] 在馆    
唐山师范学院图书馆 欢迎您!
大连网信软件有限公司© 版权所有